| 000 | 01255nam a2200253 i 4500 | ||
|---|---|---|---|
| 001 | 43052 | ||
| 003 | ES-MaACL | ||
| 005 | 20250709161755.0 | ||
| 007 | t| | ||
| 008 | 030314s1909 ag ||||1| spa d | ||
| 245 | 0 | 0 |
_aCenso agropecuario nacional, la ganadería y la agricultura en 1908 : _bcenso levantado durante la presidencia del Dr. José Figueroa Alcorta / _cpor una comisión compuesta de los señores Alberto B. Martínez, Francisco Latzina, José León Suárez y Emilio Lahitte. |
| 260 |
_aBuenos Aires : _b[s.n.], _c1909 ( _fTall. de Pub. de la Oficina Meteorológica Argentina) |
||
| 300 |
_a3 v. ; _c27 cm. |
||
| 505 | 8 | _aContiene: v. 1. Ganadería (434 p.) -- v. 2. Agricultura (524 p.) -- v. 3. Monografías (721 p.) -- v. [4. Mapas] | |
| 530 | _aDisponible en formato digital. | ||
| 594 | _aPrecede al título: República Argentina. | ||
| 650 | 4 |
_aAgricultura- _zArgentina- _vEstadísticas. _9162100 |
|
| 650 | 4 |
_aGanadería- _zArgentina- _vEstadísticas. _9162101 |
|
| 700 | 0 |
_aMartínez, Alberto B. _977712 |
|
| 852 |
_aES-MaACL _jC-13355-57 _cGalería _zRevisado enlace: 9 de julio de 2025 |
||
| 856 | 4 |
_uhttp://bdh-rd.bne.es/viewer.vm?id=0000008730&page=1 _yBiblioteca Digital Hispánica |
|
| 942 | _2udc | ||
| 999 |
_c43052 _d43052 |
||